[Event "Ankara Baskent Univ op-B 3rd"]
[Site "Ankara"]
[Date "2018.08.30"]
[Round "6"]
[White "Celik, Meric"]
[Black "Shapovalovi, Vasiko"]
[Result "1-0"]
[WhiteElo "1471"]
[BlackElo "1531"]
[PlyCount "91"]
[EventDate "2018.08.27"]
[EventType "swiss"]
[EventRounds "9"]
[EventCountry "TUR"]
[SourceTitle "EXT 2021"]
[Source "ChessBase"]
[SourceDate "2020.10.23"]
[SourceVersion "1"]
[SourceVersionDate "2020.10.23"]
[SourceQuality "1"]

1. e4 c5 2. Nc3 Nc6 3. g3 g6 4. Bg2 Bg7 5. d3 e6 6. Be3 d6 7. Qd2 Rb8 8. Nge2 Nd4 9. Nd1 b5 10. c3 Nxe2 11. Qxe2 b4 12. c4 Ne7 13. Qd2 h5 14. h4 Nc6 15. 0-0 a5 16. Rb1 a4 17. f4 Nd4 18. Bf2 Bd7 19. Ne3 Qc8 20. Qd1 a3 21. b3 Bc6 22. Kh2 Kd8 23. Nc2 Nxc2 24. Qxc2 Qb7 25. Rbd1 f5 26. d4 cxd4 27. Bxd4 Bxd4 28. Rxd4 Kc7 29. c5 d5 30. exd5 exd5 31. Rfd1 Rbd8 32. Qd2 Rhe8 33. Rxb4 Qa6 34. Bf1 Qa7 35. Rb6 Rb8 36. Ra6 Qxc5 37. Rc1 Qd6 38. Qa5+ Kd7 39. Raxc6 Qxc6 40. Rxc6 Kxc6 41. Qa6+ Kc7 42. Bb5 Re7 43. Qc6+ Kd8 44. Qd6+ Kc8 45. Qxe7 Rxb5 46. Qe8+ 1-0

[Event "TUR-chT2"]
[Site "Konya"]
[Date "2015.07.31"]
[Round "9.9"]
[White "Celik, Meric"]
[Black "Kesgin, Halit Kaan"]
[Result "0-1"]
[WhiteElo "1516"]
[BlackElo "1921"]
[PlyCount "40"]
[EventDate "2015.07.25"]
[EventType "team-swiss"]
[EventRounds "9"]
[EventCountry "TUR"]
[SourceTitle "EXT 2017"]
[Source "ChessBase"]
[SourceDate "2016.10.25"]
[SourceVersion "1"]
[SourceVersionDate "2016.10.25"]
[SourceQuality "1"]
[WhiteTeam "Zonguldak Alapli Aktif"]
[BlackTeam "Izmir Karsiyaka"]
[WhiteTeamCountry "TUR"]
[BlackTeamCountry "TUR"]

1. e4 e5 2. Nf3 Nf6 3. Nc3 Bb4 4. a3 Bxc3 5. dxc3 d6 6. Bg5 h6 7. Bxf6 Qxf6 8. h3 Be6 9. Qd2 Nd7 10. Qe3 Nb6 11. 0-0-0 0-0-0 12. Bd3 Rhe8 13. Rhe1 Kb8 14. Kb1 Qe7 15. Qe2 a6 16. Nd2 Qg5 17. Rg1 f5 18. exf5 Bxf5 19. Bxf5 Qxf5 20. f3 g5 0-1

[Event "TUR-chT2"]
[Site "Konya"]
[Date "2015.07.29"]
[Round "7.11"]
[White "Celik, Ege"]
[Black "Celik, Meric"]
[Result "1-0"]
[WhiteElo "1786"]
[BlackElo "1516"]
[PlyCount "45"]
[EventDate "2015.07.25"]
[EventType "team-swiss"]
[EventRounds "9"]
[EventCountry "TUR"]
[SourceTitle "EXT 2017"]
[Source "ChessBase"]
[SourceDate "2016.10.25"]
[SourceVersion "1"]
[SourceVersionDate "2016.10.25"]
[SourceQuality "1"]
[WhiteTeam "Karaman Saglik"]
[BlackTeam "Zonguldak Alapli Aktif"]
[WhiteTeamCountry "TUR"]
[BlackTeamCountry "TUR"]

1. e4 c6 2. d4 d5 3. exd5 cxd5 4. c4 e6 5. Nf3 Nf6 6. Bd3 Bb4+ 7. Nc3 dxc4 8. Bxc4 Ne4 9. Qc2 Qa5 10. 0-0 Nxc3 11. bxc3 Bxc3 12. Rb1 0-0 13. Rb5 Qc7 14. Qxc3 Nd7 15. Qc2 a6 16. Rb1 b5 17. Bd3 Qxc2 18. Bxc2 Nb6 19. Be4 Ra7 20. Ba3 Rd8 21. Bc5 Nd5 22. Bxd5 Rxd5 23. Bxa7 1-0

[Event "TUR-chT2"]
[Site "Konya"]
[Date "2015.07.26"]
[Round "3.10"]
[White "Celik, Meric"]
[Black "Duman, Necdet"]
[Result "0-1"]
[WhiteElo "1516"]
[BlackElo "1651"]
[PlyCount "50"]
[EventDate "2015.07.25"]
[EventType "team-swiss"]
[EventRounds "9"]
[EventCountry "TUR"]
[SourceTitle "CBM 167 Extra"]
[Source "ChessBase"]
[SourceDate "2015.09.14"]
[SourceVersion "1"]
[SourceVersionDate "2015.09.14"]
[SourceQuality "1"]
[WhiteTeam "Zonguldak Alapli Aktif"]
[BlackTeam "Mersin Ezgi"]
[WhiteTeamCountry "TUR"]
[BlackTeamCountry "TUR"]

1. e4 d5 2. exd5 Qxd5 3. Nc3 Qd6 4. Nf3 c6 5. h3 Nf6 6. Bc4 Bf5 7. d3 e6 8. 0-0 h6 9. Re1 Be7 10. Ne5 0-0 11. Bf4 Qb4 12. Qd2 Nbd7 13. a3 Qb6 14. Na4 Qd8 15. Nc3 Nd5 16. Bg3 Nxe5 17. Bxe5 Bf6 18. Bxd5 cxd5 19. Bxf6 Qxf6 20. d4 Rac8 21. Rad1 a6 22. Na4 Rc4 23. Nc5 Qxd4 24. Qxd4 Rxd4 25. c3 Rxd1 0-1